New York City Trivia – Extreme - Statistics

General Stats
  • This quiz has been taken 121 times
  • The average score is 38 of 55
Answer Stats
Hint Answer % Correct
Nickname of NYC The Big {Apple}
97%
Tallest building in the world for 40 years starting in 1931 Empire State Building
91%
Original name of the city under Dutch rule New {Amsterdam}
91%
Entertainment hub with many lit-up billboards, shops and theaters {Times} Square
91%
Suspension bridge designed by John A. Roebling that opened in 1883 Brooklyn Bridge
90%
Entry island for many immigrants in the early 20th century Ellis Island
90%
River between Manhattan and New Jersey Hudson River
90%
Copper statue designed by Frédéric-Auguste Bartholdi Statue of Liberty
90%
Urban park between the Upper West and Upper East Sides Central Park
89%
Large island with Brooklyn and Queens Long Island
89%
Yellow cabs that drive pedestrians around the city Taxi
89%
Building complex that was targeted in a devastating terrorist attack on September 11th, 2001 World Trade Center
89%
Street that is synonymous with finance and the stock market {Wall} Street
85%
Neighborhood home to Daredevil, but no Gordon Ramsay Hell's {Kitchen}
84%
Majority African-American and Hispanic neighborhood that had a renaissance in the early 20th century Harlem
83%
NYC is famous for this food, with the first designated restaurant being Lombardi's Pizza
83%
Famous street that forms the above plaza when it intersects with 7th Avenue Broadway
82%
Neighborhoods in Lower Manhattan named for countries Little {Italy}
82%
Passenger train system that links 4 of the 5 boroughs Subway
82%
Airports within Queens that serve NYC John F. Kennedy
81%
Neighborhoods in Lower Manhattan named for countries {China}town
80%
It took the record from this building nearby Chrysler Building
80%
World organization headquartered on the East River United Nations
80%
Major league baseball team based in The Bronx Yankees
80%
Ivy League school in Morningside Heights Columbia University
79%
Macy's throws a parade every year in Manhattan during this holiday Thanksgiving
79%
Popular beach neighborhood with theme park rides and a boardwalk {Coney} Island
78%
The Bronx has one of the largest locations of this type in the US (hint: lion) Zoo
78%
Bridge that connects Manhattan to Fort Lee, NJ George Washington Bridge
76%
Airports within Queens that serve NYC LaGuardia
76%
Almost a quarter of Brooklyn Residents are of this religion, with large numbers in Borough Park Judaism
75%
Holland, Lincoln, and Hugh L. Carey are... Tunnels
72%
Other MLB team of NYC, based at Citi Field Mets
71%
Height of the Freedom Tower in feet; honoring a certain patriotic year 1776
68%
Music genre that is said to have originated in South Bronx during the 70s Hip-Hop
68%
Citywide annual sporting event on the first Sunday of November Marathon
67%
Modern art museum with a circular shaped roof Guggenheim
66%
Gothic cathedral adjacent to Rockefeller Center St. {Patrick}'s Cathedral
62%
These 2 skyscrapers utilize this style Art Deco
61%
Busy train station under the Madison Square Garden arena {Pennsylvania} Station
58%
Park at the southern tip of Manhattan The {Battery}
58%
County north of NYC (has cities like Yonkers and New Rochelle) West{chester}
56%
Island in the East River previously known as Welfare Island Roosevelt Island
54%
Park that hosted the 1964 World's Fair {Flushing} Meadows Corona Park
52%
The trendy neighborhood TriBeCa is a shortened version of this Triangle Below {Canal}
51%
Which is the namesake for a style of this "sandwich" Hot dog
43%
Which is just south of the New York... {Botanical} Garden
42%
Neighborhood with the riverside Domino Park Williamsburg
38%
Grand Army Plaza is the main entrance for this park {Prospect} Park
36%
County that Staten Island is part of Richmond
36%
Peninsula across Jamaica Bay with many beaches Rockaway
35%
Which has this large steel statue of the Earth Uni{sphere}
27%
The gothic revival gate of this cemetery is a tourist attraction Green-{Wood} Cemetery
15%
Highest natural point in NYC at 401 feet {Todt} Hill
14%
Old fort that overlooks the Verrazano-Narrows Bridge Fort {Wadsworth}
12%
No matching quizzes found
Score Distribution
Percent of People with Each Score
Percentile by Number Answered
Your Score History
You have not taken this quiz